| 000 | 00488nam a22001817a 4500 | ||
|---|---|---|---|
| 003 | koha_MIRAKIL | ||
| 005 | 20250204144006.0 | ||
| 008 | 231213b |||||||| |||| 00| 0 ||| d | ||
| 020 | _a9781842345320 | ||
| 040 |
_aTR-IsEVY _btur _cTR-IsEVY |
||
| 082 | _a636 HUN/P | ||
| 100 | _aHunter, Rebecca | ||
| 245 | 0 |
_aPeople who help us : _bVet / _cRebecca Hunter. |
|
| 260 |
_bCherrytree Book, _c2008. |
||
| 300 | _a24 p. | ||
| 650 |
_aJobs. _vVet. _vMeslekler. _vVeteriner. |
||
| 942 |
_2ddc _cBK |
||
| 999 |
_c7768 _d7768 |
||